000 00754nam a2200217Ia 4500
003 GCL
008 140319s9999 xx 000 0 ara d
040 _aGCL /
_cGCL
082 0 4 _a810.8
_bا ك
100 1 _aالتيمى: ابوعبيدة معمر بن المثنى
245 1 0 _aكتاب الديباج /
_cالتيمى: ابوعبيدة معمر بن المثنى
700 1 _aعبدالرحمن بن سليمان العثيمين
700 1 _aعبدالله بن سليمان الجربوع
260 _a[S.N] :
_bمكتبة الخانجى ،
_c1991
300 _a199 ص
490 _a
650 0 4 _aالشعر العربى
650 0 4 _aالادب العربى
650 0 4 _aالادب العربى - مجموعات
942 _2ddc
_cBK
999 _c36967
_d36967